MANAGEMENT 101 FROM HIRING AND FIRING TO (Record no. 32315)

MARC details
000 -LEADER
fixed length control field 00340nam a2200133Ia 4500
008 - FIXED-LENGTH DATA ELEMENTS--GENERAL INFORMATION
fixed length control field 240624s9999 xx 000 0 und d
041 ## - LANGUAGE CODE
Language code of text/sound track or separate title eng
082 ## - DEWEY DECIMAL CLASSIFICATION NUMBER
Classification number 658 SOU
100 ## - MAIN ENTRY--PERSONAL NAME
Personal name SOUNDERING STEPHEN
245 ## - TITLE STATEMENT
Title MANAGEMENT 101 FROM HIRING AND FIRING TO
260 ## - PUBLICATION, DISTRIBUTION, ETC.
Date of publication, distribution, etc. 2017
Place of publication, distribution, etc. New York
Name of publisher, distributor, etc. Adams Media
300 ## - PHYSICAL DESCRIPTION
Extent 240 P.; 17 cm
365 ## - TRADE PRICE
Currency code
Price amount 33
Holdings
Withdrawn status Lost status Damaged status Not for loan Home library Current library Shelving location Date acquired Total Checkouts Total Renewals Full call number Barcode Date last seen Date last checked out Copy number Price effective from Koha item type
        IMTN IMTN Rack 21-B 07/02/2020 3 1 658 SOU 32315 07/27/2025 07/02/2025 75 06/24/2024 Books
Designed & Maintained by: LRC IMT Nagpur Contact: lrc@imtnag.ac.in© 2024. All Rights Reserved.